| 000 | 00931 a2200241 4500 | ||
|---|---|---|---|
| 003 | OSt | ||
| 005 | 20180116182628.0 | ||
| 008 | 160830b xxu||||| |||| 00| 0 eng d | ||
| 020 | _a0071231714 | ||
| 020 | _a9780071231718 | ||
| 040 | _c0 | ||
| 082 | _a519.5 LIN 2003 | ||
| 100 | 1 | _aLind, William G Marchal, Robert D Mason Douglas A. | |
| 245 | 1 | 0 |
_aStatistical Techniques in Business & Economics _cWilliam G Marchal, Robert D Mason Douglas A Lind. |
| 260 |
_aNew York _bMcGraw Hall _c2003 |
||
| 300 |
_a830 p. _bPB |
||
| 440 | _aStatistical Techniques in Business & Economics | ||
| 500 | _aPaperback. | ||
| 520 | _aMcGraw-Hill International Edition . 11th edition 2003 CD-ROM included. | ||
| 856 | 4 | 0 |
_3Amazon.com _uhttp://www.amazon.com/exec/obidos/ASIN/0071231714/chopaconline-20 |
| 856 | 4 | 0 |
_3Amazon customer reviews _uhttp://www.chopac.org/cgi-bin/tools/azrev.pl?q=0071231714 |
| 942 |
_aNBS _cBK _k519.5 LIN 2003 _2ddc |
||
| 999 |
_c343014 _d343014 |
||